00358nam a2200145Ia 4500008004100000020001900041041000800060082001700068100002300085245002800108260002800136300000900164365001600173700002300189230718s9999 xx 000 0 und d aISSN 0975-2250 aeng a954.001bMAT aMathew M. (Editor) aManorama Year book 2014 c2014bMalayala Manorama a1038 cRs.b325.00 aMathew M. (Editor)